<?xml version="1.0" encoding="UTF-8"?>
<record
    xmlns:xsi="http://www.w3.org/2001/XMLSchema-instance"
    xsi:schemaLocation="http://www.loc.gov/MARC21/slim http://www.loc.gov/standards/marcxml/schema/MARC21slim.xsd"
    xmlns="http://www.loc.gov/MARC21/slim">

  <leader>01249nam a2200253Ia 4500</leader>
  <controlfield tag="001">IA_The roll made with 10% HAVN was the best evaluated sensorially, introduced higher contained of fiber (1.54%), ash (2.77%) and calcium (242.47 mg/100 g) than the control, with significant differences (a = 0.05) between them. The volume of the roll with 10% added HAVN not significantly decreased compared to the control; however, was presented the highest hardness, with respect to the other two treatments in which HAVN added.</controlfield>
  <controlfield tag="002">FORMULACION Y ACEPTABILIDAD DE PAN BOLILLO ENRIQUE</controlfield>
  <controlfield tag="008">220117s    xx            000 0 und d</controlfield>
  <datafield tag="010" ind1=" " ind2=" ">
    <subfield code="a">184349</subfield>
  </datafield>
  <datafield tag="530" ind1=" " ind2=" ">
    <subfield code="a">Disponible en PDF</subfield>
  </datafield>
  <datafield tag="583" ind1=" " ind2=" ">
    <subfield code="a">1 ej. imp. ; 2 ej. CD</subfield>
  </datafield>
  <datafield tag="650" ind1=" " ind2=" ">
    <subfield code="a">Breadmaking  </subfield>
    <subfield code="9">148267</subfield>
  </datafield>
  <datafield tag="650" ind1=" " ind2=" ">
    <subfield code="a">Fabricaci&#xF3;n de pan  </subfield>
    <subfield code="9">148268</subfield>
  </datafield>
  <datafield tag="650" ind1=" " ind2=" ">
    <subfield code="a">Harina de avena  </subfield>
    <subfield code="9">156759</subfield>
  </datafield>
  <datafield tag="650" ind1=" " ind2=" ">
    <subfield code="a">Nixtamalizaci&#xF3;n  </subfield>
    <subfield code="9">81486</subfield>
  </datafield>
  <datafield tag="650" ind1=" " ind2=" ">
    <subfield code="a">Nixtamalization</subfield>
    <subfield code="9">147913</subfield>
  </datafield>
  <datafield tag="650" ind1=" " ind2=" ">
    <subfield code="a">Oat flour  </subfield>
    <subfield code="9">156760</subfield>
  </datafield>
  <datafield tag="700" ind1=" " ind2=" ">
    <subfield code="a">Buend&#xED;a Gonz&#xE1;lez, Mar&#xED;a Ofelia, dir. </subfield>
    <subfield code="9">147467</subfield>
  </datafield>
  <datafield tag="700" ind1=" " ind2=" ">
    <subfield code="a">Esparza Torres, F&#xE9;lix, asesor.</subfield>
  </datafield>
  <datafield tag="700" ind1=" " ind2=" ">
    <subfield code="a">L&#xF3;pez Rangel, Ang&#xE9;lica Mar&#xED;a</subfield>
    <subfield code="9">156761</subfield>
  </datafield>
  <datafield tag="700" ind1=" " ind2=" ">
    <subfield code="a">P&#xE9;rez Herrera, Patricia, asesor </subfield>
    <subfield code="9">163709</subfield>
  </datafield>
  <datafield tag="942" ind1=" " ind2=" ">
    <subfield code="c">TESIS G66 2012</subfield>
  </datafield>
  <datafield tag="999" ind1=" " ind2=" ">
    <subfield code="c">184349</subfield>
    <subfield code="d">184349</subfield>
  </datafield>
</record>
